Sports Quiz

Random Sports or NBA Quiz

New Orleans Hornets/Pelicans Most Common Lineups Quiz Stats

Quiz not verified by Sporcle

Challenge
Share
Tweet
Embed
Score 0/60 Timer 05:00
0 Plays Today
Year Player % Correct
2010-2011Chris Paul
97.8%
2009-2010Chris Paul
97.8%
2008-2009Chris Paul
97.8%
2007-2008Chris Paul
97.8%
2006-2007Chris Paul
97.8%
2005-2006Chris Paul
97.8%
2013-2014Anthony Davis
96.7%
2012-2013Anthony Davis
96.7%
2003-2004Baron Davis
95.6%
2002-2003Baron Davis
95.6%
2010-2011David West
94.4%
2009-2010David West
94.4%
2008-2009David West
94.4%
2007-2008David West
94.4%
2006-2007David West
94.4%
2005-2006David West
94.4%
2013-2014Eric Gordon
85.6%
2012-2013Eric Gordon
85.6%
2013-2014Jrue Holiday
82.2%
2008-2009Tyson Chandler
73.3%
2007-2008Tyson Chandler
73.3%
2006-2007Tyson Chandler
73.3%
2003-2004David Wesley
70%
2002-2003David Wesley
70%
2004-2005JR Smith
68.9%
2002-2003Jamal Mashburn
68.9%
2005-2006PJ Brown
67.8%
2004-2005PJ Brown
67.8%
2003-2004PJ Brown
67.8%
2002-2003PJ Brown
67.8%
Year Player % Correct
2013-2014Jason Smith
66.7%
2009-2010Peja Stojakovic
66.7%
2008-2009Peja Stojakovic
66.7%
2007-2008Peja Stojakovic
66.7%
2009-2010Devin Brown
65.6%
2006-2007Devin Brown
65.6%
2013-2014Al-Farouq Aminu
57.8%
2012-2013Al-Farouq Aminu
57.8%
2010-2011Emeka Okafor
57.8%
2009-2010Emeka Okafor
57.8%
2003-2004Jamaal Magloire
54.4%
2002-2003Jamaal Magloire
54.4%
2011-2012Jarrett Jack
51.1%
2012-2013Grevis Vasquez
46.7%
2011-2012Trevor Ariza
38.9%
2010-2011Trevor Ariza
38.9%
2012-2013Robin Lopez
32.2%
2007-2008Morris Peterson
30%
2006-2007Desmond Mason
30%
2005-2006Desmond Mason
30%
2011-2012Chris Kaman
24.4%
2011-2012Marco Belinelli
21.1%
2010-2011Marco Belinelli
21.1%
2008-2009Rasual Butler
17.8%
2004-2005Lee Nailon
16.7%
2011-2012Gustavo Ayon
10%
2004-2005Dan Dickau
7.8%
2003-2004George Lynch
4.4%
2005-2006Kirk Snyder
3.3%
2004-2005Jackson Vroman
2.2%

You're not logged in!

Compare scores with friends on all Sporcle quizzes.
Sign Up with Email
OR
Log In

You Might Also Like...

Show Comments

Extras

Top Quizzes Today


Score Distribution

Your Account Isn't Verified!

In order to create a playlist on Sporcle, you need to verify the email address you used during registration. Go to your Sporcle Settings to finish the process.